| 000 | 00511nam a2200157Ia 4500 | ||
|---|---|---|---|
| 008 | 170221s9999 xx 000 0 und d | ||
| 100 | _aSeyyed-Abdolhamid Mirhosseini | ||
| 245 | _aListen to What Doctors Say: Discursive Authority in Two Persian Medical Publications | ||
| 245 | _cSeyyed-Abdolhamid Mirhosseini | ||
| 260 | _bOnline Journal of Communication and Media Technologies | ||
| 260 | _c2014 | ||
| 300 | _a4 : | ||
| 650 | _xCommunication | ||
| 650 | _xMedia Arts | ||
| 856 | _uhttp://www.ojcmt.net/ | ||
| 999 |
_c308732 _d308732 |
||